000 00872cam a22002651a 4500
001 426
003 BD-RjUL
005 20211208233157.0
008 730308s1957 ilu b 000 0 eng
035 _a(BD-RjUL)443
035 _a(OCoLC)574413
040 _aDLC
_cODaWU
_dOCoLC
_dPPiU
_dIRoRVC
_dDLC
_dBD-RjUL
_beng
041 _aeng
082 _a020
_221
_bASH 1957
100 1 _aAsheim, Lester Eugene,
_d1914-
_91326
245 1 4 _aThe humanities and the library :
_bproblems in the interpretation, evaluation and use of library materials /
_cby Lester Asheim and associates.
260 _aChicago :
_bAmerican Library Association,
_c1957.[REPRINTED 1960]
300 _axix, 278 p. ;
_c25 cm.
504 _aIncludes bibliographies.
650 0 _aLibrary science.
_91327
650 0 _aHumanities.
_91328
942 _2ddc
_cBK
999 _c426
_d426